000 01736nam a2200409Ia 4500
001 ebr10720852
003 CaPaEBR
006 m o u
007 cr cn|||||||||
008 121108s2013 ilu sb s001 0deng d
010 _z 2012042038
020 _z9780809332533 (cloth : alk. paper)
020 _z0809332531 (cloth : alk. paper)
020 _z9780809332540 (ebook)
020 _z080933254X (ebook)
040 _aCaPaEBR
_cCaPaEBR
035 _a(OCoLC)851158719
050 1 4 _aE458
_b.R64 2013eb
082 0 4 _a973.7092
_223
100 1 _aRodrigue, John C.
245 1 0 _aLincoln and Reconstruction
_h[electronic resource] /
_cJohn C. Rodrigue.
260 _aCarbondale :
_bSouthern Illinois University Press,
_c2013.
300 _ax, 163 p.
490 0 _aConcise Lincoln library
504 _aIncludes bibliographical references and index.
533 _aElectronic reproduction.
_bPalo Alto, Calif. :
_cebrary,
_d2013.
_nAvailable via World Wide Web.
_nAccess may be limited to ebrary affiliated libraries.
600 1 0 _aLincoln, Abraham,
_d1809-1865
_xPolitical and social views.
650 0 _aPolitics and war
_zUnited States
_xHistory
_y19th century.
650 0 _aWar and society
_zUnited States
_xHistory
_y19th century.
650 0 _aReconstruction (U.S. history, 1865-1877)
651 0 _aUnited States
_xPolitics and government
_y1861-1865.
651 0 _aUnited States
_xHistory
_yCivil War, 1861-1865
_xEconomic aspects.
651 0 _aUnited States
_xHistory
_yCivil War, 1861-1865
_xSocial aspects.
655 7 _aElectronic books.
_2local
710 2 _aebrary, Inc.
856 4 0 _uhttp://site.ebrary.com/lib/rucke/Doc?id=10720852
_zAn electronic book accessible through the World Wide Web; click to view
999 _c153055
_d153055